Normal view
MARC view
Entry Personal Name
001 - CONTROL NUMBER
- control field: 24837
003 - CONTROL NUMBER IDENTIFIER
- control field: ARRUPE
005 - DATE AND TIME OF LATEST TRANSACTION
- control field: 20160811121641.0
008 - FIXED-LENGTH DATA ELEMENTS
- fixed length control field: 160811|| aca||aabn | a|a d
040 ## - CATALOGING SOURCE
- Original cataloging agency: ARRUPE
- Transcribing agency: ARRUPE
100 ## - HEADING--PERSONAL NAME
- Personal name: Green, Reginald Herbold.
670 ## - SOURCE DATA FOUND
- Source citation: Work cat.: (ARRUPE)0: Green, Reginald Herbold., Adult education in national development planning :, 1977.